Statistiques concernant Coupes du Monde de Football: Serbie-et-Monténégro

Cliquez ici pour prendre le quiz!

Statistiques générales

  • Ce quiz a été pris 14 fois
  • Le résultat moyen est 3 sur 6

Statistiques - réponses

Réponse% Correct
Allemagne
79%
Argentine
71%
Etats-Unis
57%
Côte d'Ivoire
50%
Pays-Bas
36%
Iran
29%

Distribution des résultats

Percentile par nombre de réponses

% des personnes avec chaque résultat

Votre développement - résultats

Vous n’avez pas pris ce quiz